Antimatter Dimensions - Currencies - Statistics

General Stats
  • This quiz has been taken 9 times
  • The average score is 12 of 22
Answer Stats
Answer % Correct
Antimatter
100%
Eternity Points
88%
Infinity Points
88%
Reality Machines
88%
Replicanti
88%
Time Theorems
88%
Eternities
75%
Infinities
75%
Tachyon Particles
75%
Dilated Time
63%
Perk Points
63%
Realities
63%
Dark Matter
50%
Relic Shards
38%
Singularities
38%
Space Theorems
38%
Dark Energy
25%
Imaginary Machines
25%
Reality Shards
25%
Remnants
25%
Celestial Memories
0%
Celestial Memory Chunks
0%
No matching quizzes found
Score Distribution
Percent of People with Each Score
Percentile by Number Answered
Your Score History
You have not taken this quiz